MDQL
is popping MORE tags! Check the
thread
!
Quizzes
Events
Quiz Creation
Community
Videos
Private Events
Remove Ads
Sign In
Join for FREE
Feedback
Dark Mode
Quiz Categories
Sports
Geography
Music
Movies
Television
Just For Fun
Miscellaneous
History
Literature
Language
Science
Gaming
Entertainment
Religion
Holiday
For Kids
Quiz Lab
Recent
Popular Today
Quiz Kudos Today
Editor Picks
Curator Picks
Quizzes by...
Day
Popularity
Type
Ratings
Length
Year
Community
Subscriptions
Recent Discussions
Orange Saloon
Badges
Playlists
Quests
Create
Leaderboards
Showdown
Live 5
Trivia Bingo
Activity
Puzzle Library
Sporcle Events
Private Events
Virtual Trivia
Globe League
Become a Host
Pub Owners
SporcleCon
Opinionation
Our Games
Videos
Blog
Mobile Apps
Partnerships
Remove Ads and Go Orange
Feedback
Music
Pop Music
The Beatles
Song
Album
Lyrics
Bands
Singers
Artist
Clip
Rock
Rap
Classical
Billboard
Country Music
Kpop
Taylor Swift
Music
Pop Music
The Beatles
Song
Album
Lyrics
Bands
Singers
Artist
Clip
Rock
Rap
Classical
Billboard
Country Music
Kpop
Taylor Swift
Random Quiz
Search Sporcle
×
Quiz Lab
Quiz Lab
Music
Lyrics
Type in answers that appear in a list
Type in answers that appear in a list
Classic
Best Score? Go Orange.
Complete the Beastie Boys Lyrics Stats
Can you name the rest of the Beastie Boys lyrics??
By
badmilk
4m
12 Questions
791 Plays
791 Plays
791 Plays
Comments
Comments
Give Quiz Kudos
Give Quiz Kudos
-
- Ratings
hide this ad
Replay
Link that replays current quiz
Next Quiz
Link to next quiz in quiz playlist
You Got
0%
They Got
Avg Score
52%
Avg Friend Score
Upgrade to see
Score Distribution
Jump to the score distribution portion of the page
Score
0/12
Timer
04:00
0
Plays Today
Lyrics...
(answers are 4 words each)
% Correct
Man, living at home is such a drag /
/
Now your mom threw away...
your best porno mag
91.9%
I can't stand rocking when I'm in here /
/
Because your crystal ball...
ain't so crystal clear
71.6%
Jazz and Awol that's our team /
/
Step inside the party...
disrupt the whole scene
64.7%
Mike D, 'Yeah?', with your bad self running things /
/
What's up with your...
bad breath onion rings
58%
Foot on the pedal never ever false metal /
/
Engine running hotter...
than a boiling kettle
56.5%
Riddle me this brother can you handle it /
/
Your style to my style you can't hold...
a candle to it
52.2%
I've got more rhymes than I've got grey hairs /
/
And that's a lot because...
I've got my share
51.5%
Flame on, I'm gone /
/
I'm so sweet like...
a nice bon-bon
44.2%
The name is D y'all and I don't play /
/
And I can rock a block party 'til...
your hair turns grey
40.3%
But like a dream I'm flowing without no stopping /
/
Sweeter than a cherry pie...
with Ready Whip topping
39.6%
Asian, Middle-
Eastern and Latin /
/
Black, White, New York...
you make it happen
35%
Dip dip dive so-
socialize /
/
Open up your ears and...
clean out your eyes
29.8%
Quiz Playlist
Details
Report
Send in Message
Add To Playlist
Classic:
Type in answers that appear in a list
Last Updated: Feb 16, 2017
Quiz Scoreboard
CHALLENGE
Sign Up to Join the Scoreboard
Show All
Scores
Hide
Comments
May contain spoilers
Recently Published
Image Sorting: Flags VI
by Barbecue
Geography
2m
Find the 'City' Movie
by crazypaving
Movies
60s
Colored Red Africa Blitz
by spor1
Geography
45s
More to Explore
Quiz From the Vault
Featured Blog Post
14 Easter Pick-up Lines to Find Eggs With
hide this ad
You Might Also Like...
Tags
Lyrics Quiz
Song Quiz
Beastie Boys
Boy
complete
rest
Today's Top Quizzes in Music
Browse Music
hide this ad
Today's Top Quizzes in Lyrics
Browse Lyrics
Top Contributed Quizzes in Music
1
5X2 Blitz: Bands II
2
5X2 Blitz: The Beatles
3
Taylor Swift All Songs (2024)
4
5X2 Blitz: Billboard
5
5X2 Blitz: Billboard II
6
5X2 Blitz: Album
7
5X2 Blitz: Rock
8
5X2 Blitz: Singers
9
Taylor Swift Logic Puzzle II
10
5X2 Blitz: Lyrics
Explore More
Trending Topics
Kpop
Marvel
Disney
Anime
Crossword
NBA
Harry Potter
Pokémon
WWE
Soccer
Country
Puzzle
The Office
Song
NFL
hide this ad
More By:
badmilk
Quiz
Plays
Rating
Category
Featured
Created
Complete the Beastie Boys Lyrics
791
4.80
Music
May 25, 2010
Starcraft's borrowed movie quotes
510
4.50
Gaming
May 25, 2010
Word Chain
203
4.50
Language
May 25, 2010
Queen's Don't Try Suicide
119
4.00
Music
May 27, 2010
Go to Creator's Profile
Score Distribution
Quiz Creator Spotlight
badmilk
Follow
Send a Message
Quizzes Created
-
Created Quiz Play Count
-
More By This Creator
Popular Quizzes Today
1
Colored Red Africa Blitz
2
Find the US States - No Outlines Minefield
3
Find the 'City' Movie
4
5x2 Blitz: Bands
5
The Countries of the World
6
Find the US States
7
Find the Countries of Europe - No Outlines Minefield
8
US States
More Music Quizzes
K-Pop Boy Group Or Girl Group?
Quiz Lab
Trending Quizzes
Colored Red Europe Blitz I
Colored Red Europe Blitz II
Colored Red Africa Blitz II
Colored Red Europe Blitz III
Colored Red Africa Blitz III
Recently Updated
How Do You Spell That?
pecheneg
Godzilla Movies
pecheneg
Grab Bag: 4-10 Letters
pecheneg
2024 March Madness Bracket
pecheneg
Famous TV Couples
Peacemaker
Champions League XIs: Real Madrid
pecheneg
Largest US Cities 1790-2010
pecheneg
Rides in Walt Disney World
pecheneg
Most Oscar Losses (Acting)
pecheneg
Beyoncé Albums
pecheneg
Trending Topics
NBA
Marvel
Anime
Harry Potter
Disney
Kpop
Crossword
Country
WWE
The Office
Pokémon
Puzzle
Song
Soccer
NFL
Your Account Isn't Verified!
In order to create a playlist on Sporcle, you need to verify the email address you used during registration. Go to your
Sporcle Settings
to finish the process.
Report this User
Report this user for behavior that violates our
Community Guidelines
.
Details:
Send Report
Go to the Sporcle.com Mobile Site →
Comments